000 00446nam a2200169Ia 4500
003 GCL
008 140319s9999 xx 000 0 ara d
040 _aGCL /
_cGCL
082 0 4 _a812
_bف ش
100 1 _aفتى الثورة
245 1 0 _aشعب لن يموت /
_cفتى الثورة
300 _a115 ص
490 _aمن ادب المسرح
_v0
650 0 4 _aالمسرح
650 0 4 _aالمسرحيات العربية
942 _2ddc
_cBK
999 _c44832
_d44832